[Event "Euro Online U2300 Day 2"]
[Site "chess.com INT"]
[Date "2020.05.26"]
[Round "3"]
[White "Guliev, Logman"]
[Black "Golubenko, Valentina"]
[Result "1-0"]
[WhiteTitle "IM"]
[BlackTitle "WGM"]
[WhiteElo "2273"]
[BlackElo "2209"]
[WhiteFideId "13400061"]
[BlackFideId "4501993"]
[EventDate "2020.05.26"]

1. e4 g6 2. d4 Bg7 3. Nc3 c5 4. Nf3 cxd4 5. Nxd4 Nc6 6. Be3 d6 7. Qd2 Nf6 8. f3
O-O 9. O-O-O Nxd4 10. Bxd4 Be6 11. a3 a6 12. g4 b5 13. h4 Rc8 14. h5 Qa5 15. h6
Bh8 16. Kb1 Qc7 17. g5 Nd7 18. f4 Bc4 19. Bh3 e5 20. Be3 exf4 21. Bxf4 Rfd8 22.
Bxd6 Qc6 23. Be7 Be6 24. Bxd8 Rxd8 25. Nd5 Qc5 26. Bxe6 fxe6 27. Nf6+ Bxf6 28.
gxf6 Kf7 29. Qd6 Qxd6 30. Rxd6 Kxf6 31. Rhd1 Ke7 32. Rxa6 Nc5 33. Ra7+ Rd7 34.
Rdxd7+ Nxd7 35. c4 bxc4 36. Kc2 Kd6 37. a4 Nf6 38. a5 Nxe4 39. Rxh7 Nf6 40. Rg7
Ne8 41. Rxg6 Ke7 42. h7 1-0

[Event "Euro Online U2300 Day 2"]
[Site "chess.com INT"]
[Date "2020.05.26"]
[Round "3"]
[White "Spitzl, Vinzent"]
[Black "Heinmets, Tonu"]
[Result "1-0"]
[WhiteTitle "FM"]
[WhiteElo "2346"]
[BlackElo "1886"]
[WhiteFideId "12901253"]
[BlackFideId "4500962"]
[EventDate "2020.05.26"]

1. e4 d6 2. d4 Nf6 3. Nc3 Nbd7 4. Be3 e5 5. h3 Be7 6. Nf3 O-O 7. Bc4 c6 8. a4 a5
9. O-O Qc7 10. Ba2 h6 11. Qd2 Re8 12. Rfe1 Nf8 13. Rad1 Be6 14. d5 Bd7 15. Qd3
c5 16. Bc4 Ng6 17. Bb5 Nh5 18. Bxd7 Qxd7 19. Qb5 Qc8 20. Nd2 Nhf4 21. Qf1 Rf8
22. Kh2 Qd7 23. g3 Nh5 24. Qe2 Nf6 25. Nc4 Bd8 26. f4 exf4 27. gxf4 Re8 28. Bc1
Nxe4 29. Nxe4 f5 30. Qh5 Nh4 31. Nxc5 Nf3+ 32. Qxf3 dxc5 33. Ne5 1-0

[Event "Euro Online U2300 Day 2"]
[Site "chess.com INT"]
[Date "2020.05.26"]
[Round "3"]
[White "Kanyamarala, Tarun"]
[Black "Galiana Fernandez, Adrian"]
[Result "1-0"]
[WhiteTitle "FM"]
[BlackTitle "FM"]
[WhiteElo "2381"]
[BlackElo "2260"]
[WhiteFideId "45004714"]
[BlackFideId "32010150"]
[EventDate "2020.05.26"]

1. d4 Nf6 2. c4 g6 3. Nc3 d5 4. cxd5 Nxd5 5. e4 Nxc3 6. bxc3 Bg7 7. Be3 c5 8.
Nf3 Bg4 9. Qa4+ Nd7 10. Qa3 O-O 11. Be2 cxd4 12. cxd4 Nb6 13. Rd1 Bxf3 14. gxf3
Qd7 15. h4 Rfc8 16. Qb3 h5 17. f4 e6 18. Rg1 Rc7 19. f5 exf5 20. Bxh5 Nc4 21.
Bf4 Re8 22. Bxc7 Rxe4+ 23. Be2 Qxc7 24. Kf1 b5 25. Qxb5 Nd6 26. Qb3 Rxh4 27.
Rxg6 Ne4 28. Bc4 Qf4 29. Qe3 Rh1+ 30. Rg1 Ng3+ 31. Qxg3 1-0

[Event "Euro Online U2300 Day 2"]
[Site "chess.com INT"]
[Date "2020.05.26"]
[Round "3"]
[White "Gavilan Diaz, Mario"]
[Black "Eren, Ataberk"]
[Result "0-1"]
[WhiteTitle "FM"]
[BlackTitle "FM"]
[WhiteElo "2278"]
[BlackElo "2321"]
[WhiteFideId "2260905"]
[BlackFideId "6349765"]
[EventDate "2020.05.26"]

1. e4 e6 2. d4 d5 3. Nc3 Nf6 4. e5 Nfd7 5. f4 c5 6. Nf3 Nc6 7. Be3 Be7 8. Qd2
O-O 9. dxc5 Nxc5 10. O-O-O a6 11. Qf2 Qa5 12. Kb1 Bd7 13. f5 exf5 14. Nxd5 Ne4
15. Qe1 Qxe1 16. Rxe1 Be6 17. Nxe7+ Nxe7 18. Bd3 Nd5 19. Bd4 Rac8 20. g3 Nb4 21.
a3 Nxd3 22. cxd3 Nc5 23. Re3 Nb3 24. Bc3 Bd5 25. Rd1 Rfe8 26. Nd4 Nxd4 27. Bxd4
Re6 28. Bc3 Rb6 29. Ka1 Rbc6 30. Rf1 g6 31. Rf4 Be6 32. h4 h6 33. Rd4 Kh7 34.
Rf3 Kg8 35. Rff4 Kf8 36. Rd6 Rxd6 37. exd6 Ke8 38. Kb1 Kd7 39. Be5 g5 40. Rb4 b5
41. a4 Kc6 42. axb5+ axb5 43. hxg5 hxg5 44. Bf6 f4 45. gxf4 g4 46. Re4 Kxd6 47.
Re3 Rg8 48. Rg3 Rg6 49. Be5+ Kd5 50. Kc2 f6 51. Bc7 Rg7 52. Ba5 Rh7 53. Bd2 Bf5
54. Kc3 Rh3 55. Rxh3 gxh3 56. Be3 h2 0-1

[Event "Euro Online U2300 Day 2"]
[Site "chess.com INT"]
[Date "2020.05.26"]
[Round "3"]
[White "Zverev, Lev"]
[Black "Olsen, Filip Boe"]
[Result "1-0"]
[WhiteTitle "CM"]
[BlackTitle "IM"]
[WhiteElo "2087"]
[BlackElo "2353"]
[WhiteFideId "24250775"]
[BlackFideId "1440640"]
[EventDate "2020.05.26"]

1. e4 c5 2. Nf3 d6 3. d4 cxd4 4. Nxd4 Nf6 5. Nc3 a6 6. Bg5 Nbd7 7. f4 Qc7 8. Qf3
h6 9. Bxf6 Nxf6 10. f5 Qc5 11. O-O-O g5 12. fxg6 Bg4 13. gxf7+ Kxf7 14. Qd3 Bxd1
15. Nxd1 Bg7 16. g3 Nxe4 17. Qxe4 Qxd4 18. Bc4+ Kf8 19. Rf1+ Ke8 20. Qxb7 Qa7
21. Qd5 Be5 22. Qc6+ Kd8 23. Be6 Rb8 24. Rf7 Bxb2+ 25. Kb1 Be5+ 26. Kc1 Bb2+ 27.
Kb1 Bd4+ 28. Bb3 a5 29. a4 Qd7 30. Qe4 Bf6 31. Ne3 Qh3 32. Qf3 Qe6 33. Kc1 Qxe3+
34. Qxe3 Bg5 35. Rf4 e5 36. Qa7 Rc8 37. Be6 Rc7 38. Qb8+ Ke7 39. Qxc7+ Kxe6 40.
Qf7# 1-0

[Event "Euro Online U2300 Day 2"]
[Site "chess.com INT"]
[Date "2020.05.26"]
[Round "3"]
[White "Usmanov, Ilnur"]
[Black "Rogule, Laura"]
[Result "1-0"]
[BlackTitle "WGM"]
[WhiteElo "2147"]
[BlackElo "2297"]
[WhiteFideId "4111303"]
[BlackFideId "11601876"]
[EventDate "2020.05.26"]

1. c4 e5 2. Nc3 Nf6 3. Nf3 Nc6 4. e4 Be7 5. d4 exd4 6. Nxd4 d6 7. Be2 O-O 8. O-O
Re8 9. f4 Bf8 10. Bf3 Bd7 11. b3 g6 12. Bb2 Bg7 13. Re1 Nxd4 14. Qxd4 Nxe4 15.
Qxg7+ Kxg7 16. Nxe4+ Kh6 17. g4 Bxg4 18. Bxg4 Rxe4 19. Rxe4 f5 20. Bxf5 gxf5 21.
Re3 Qd7 22. Rh3+ Kg6 23. Rg3+ Kh6 24. Kf2 Qc6 25. Rag1 Qc5+ 26. Kf1 Qxg1+ 27.
Kxg1 Re8 28. Rg5 Re7 29. Kf2 1-0

[Event "Euro Online U2300 Day 2"]
[Site "chess.com INT"]
[Date "2020.05.26"]
[Round "3"]
[White "Kabanova, Ekaterina"]
[Black "Krallis, Christos"]
[Result "0-1"]
[WhiteTitle "WFM"]
[WhiteElo "2138"]
[BlackElo "2284"]
[WhiteFideId "24112917"]
[BlackFideId "4298896"]
[EventDate "2020.05.26"]

1. c4 c5 2. Nf3 g6 3. e3 Bg7 4. Qc2 Nf6 5. Be2 O-O 6. b3 b6 7. Bb2 Bb7 8. d3 Nc6
9. a3 Rc8 10. Nbd2 d5 11. cxd5 Qxd5 12. Rc1 Rfd8 13. O-O e5 14. Rfe1 Nd7 15. Qb1
h6 16. Bf1 Kh7 17. Rcd1 b5 18. Ne4 f5 19. Nc3 Qxb3 20. Nd2 Qe6 21. Nxb5 Ba6 22.
Nc3 Rb8 23. Qa1 Nb6 24. Nf3 Qb3 25. e4 f4 26. Rd2 Nd4 27. Qa2 Qxa2 28. Nxa2
Nxf3+ 29. gxf3 Nc4 30. Rc2 Rxb2 31. Rxb2 Nxb2 32. Rc1 Nxd3 33. Bxd3 Rxd3 34.
Rxc5 Rd1+ 35. Kg2 Bf1+ 36. Kg1 Bh3# 0-1

[Event "Euro Online U2300 Day 2"]
[Site "chess.com INT"]
[Date "2020.05.26"]
[Round "3"]
[White "Kocheev, Aleksandr"]
[Black "Rahal, Michael A"]
[Result "0-1"]
[BlackTitle "IM"]
[WhiteElo "2315"]
[BlackElo "2333"]
[WhiteFideId "13507842"]
[BlackFideId "404691"]
[EventDate "2020.05.26"]

1. d4 e6 2. Nc3 d5 3. e4 dxe4 4. Nxe4 Bd7 5. Bd3 Bc6 6. Nf3 Nd7 7. Qe2 Ngf6 8.
Neg5 Qe7 9. Ne5 Nxe5 10. dxe5 Nd7 11. f4 h6 12. Ne4 Nc5 13. Bb5 Bxb5 14. Qxb5+
c6 15. Qe2 Nxe4 16. Qxe4 Qb4+ 17. Qxb4 Bxb4+ 18. Ke2 Bc5 19. Rd1 Rd8 20. Be3
Bxe3 21. Kxe3 Ke7 22. c4 g5 23. g3 Rhg8 24. Rxd8 Rxd8 25. fxg5 hxg5 26. h4 gxh4
27. gxh4 Rh8 28. Rh1 Rh5 29. Kf4 a5 30. c5 f6 31. exf6+ Kxf6 32. Kg4 Rxc5 33. h5
Rc4+ 34. Kf3 Kg7 35. h6+ Kh7 36. Rh2 a4 37. Ke3 Rg4 38. Kd3 Rg6 39. Kd4 Rg5 40.
Re2 Rd5+ 41. Kc4 e5 42. Rh2 b5+ 43. Kb4 Rd4+ 44. Kc5 Rc4+ 45. Kd6 e4 46. Ke5 a3
47. b3 Rb4 48. Rh4 c5 49. Kd5 e3 50. Rh3 c4 51. Kc5 Rxb3 52. Kd4 Rd3+ 53. Kc5 e2 0-1

[Event "Euro Online U2300 Day 2"]
[Site "chess.com INT"]
[Date "2020.05.26"]
[Round "3"]
[White "Upero, Jussi"]
[Black "Werle, Iozefina"]
[Result "1-0"]
[BlackTitle "WGM"]
[WhiteElo "2176"]
[BlackElo "2300"]
[WhiteFideId "504491"]
[BlackFideId "1213261"]
[EventDate "2020.05.26"]

1. e4 e6 2. d4 d5 3. Nd2 Nf6 4. e5 Nfd7 5. Bd3 c5 6. c3 b6 7. Ne2 Ba6 8. Bc2 Nc6
9. Nf3 cxd4 10. cxd4 Nb4 11. Bb1 Rc8 12. a3 Bxe2 13. Kxe2 Nc6 14. b4 Be7 15. h4
b5 16. h5 h6 17. Rh3 Qc7 18. Bd3 Qb6 19. Be3 a5 20. Rg3 axb4 21. axb4 Bf8 22.
Rc1 Ra8 23. Rc5 Nxc5 24. dxc5 Ra2+ 25. Kf1 Qb7 26. Nd4 Nxd4 27. Bxd4 Ra4 28. Qd2
Kd7 29. Rf3 Kc6 30. Bc3 Ra7 31. Re3 Qe7 32. Qe2 Rb7 33. Qf3 Qh4 34. Re1 Ra7 35.
g3 Qg5 36. Qe2 Rb7 37. Ra1 g6 38. Bxb5+ Kc7 39. c6 Rb8 40. Ra7+ Kc8 41. Ba6+ Rb7
42. cxb7+ Kc7 43. b8=Q+ Kxb8 44. Qb5+ 1-0

[Event "Euro Online U2300 Day 2"]
[Site "chess.com INT"]
[Date "2020.05.26"]
[Round "3"]
[White "Suleymanli, Aydin"]
[Black "Yeke, Serkan"]
[Result "1-0"]
[WhiteTitle "IM"]
[BlackTitle "FM"]
[WhiteElo "2512"]
[BlackElo "2099"]
[WhiteFideId "13413937"]
[BlackFideId "6301142"]
[EventDate "2020.05.26"]

1. d4 d5 2. c4 c6 3. Nc3 Nf6 4. e3 a6 5. a4 Bf5 6. Qb3 Ra7 7. a5 dxc4 8. Bxc4 e6
9. Nge2 Nbd7 10. Ng3 Bg6 11. h4 h6 12. h5 Bh7 13. e4 c5 14. d5 exd5 15. Nxd5 Bd6
16. Nxf6+ Qxf6 17. O-O O-O 18. f4 Qh4 19. e5 Nxe5 20. fxe5 Bxe5 21. Rf3 Raa8 22.
Bd2 Rad8 23. Be1 Rd4 24. Bxf7+ Kh8 25. Nf1 Qe7 26. Bc3 c4 27. Qb6 Rd6 28. Qe3
Rxf7 29. Rxf7 Qxf7 30. Qxe5 Re6 31. Qg3 Bd3 32. Ne3 Kh7 33. Nd5 Re4 34. Ne3 Re6
35. Re1 g5 36. Ng4 Rxe1+ 37. Qxe1 1-0

[Event "Euro Online U2300 Day 2"]
[Site "chess.com INT"]
[Date "2020.05.26"]
[Round "3"]
[White "Lebedev, Mikhail S."]
[Black "Terbe, Julianna"]
[Result "0-1"]
[BlackTitle "WIM"]
[WhiteElo "2131"]
[BlackElo "2273"]
[WhiteFideId "24130303"]
[BlackFideId "708780"]
[EventDate "2020.05.26"]

1. e4 c5 2. Nf3 Nc6 3. d4 cxd4 4. Nxd4 Nf6 5. Nc3 e5 6. Ndb5 d6 7. Bg5 a6 8. Na3
Be6 9. Nc4 Be7 10. Bxf6 gxf6 11. Ne3 Qa5 12. Bd3 O-O-O 13. O-O Rdg8 14. Ncd5 h5
15. c3 h4 16. b4 Qd8 17. a4 Bh3 18. Kh1 Be6 19. b5 Nb8 20. bxa6 Nxa6 21. Bxa6
bxa6 22. Qd3 Kb7 23. Rfb1+ Ka7 24. a5 Bc8 25. Rb6 Qd7 26. Rab1 Bd8 27. R6b2 Rg6
28. Nb4 Rhg8 29. Qc4 Bb7 30. Nbd5 Bc8 31. Nb6 Bxb6 32. axb6+ Kb7 33. Ra2 Kb8 34.
b7 Bxb7 35. Qxa6 Kc8 36. Qc4+ Qc6 0-1

[Event "Euro Online U2300 Day 2"]
[Site "chess.com INT"]
[Date "2020.05.26"]
[Round "3"]
[White "Labiano Hernandez, Juan"]
[Black "Caputcuoglu, Zeki Berke"]
[Result "1-0"]
[BlackTitle "CM"]
[WhiteElo "2158"]
[BlackElo "2138"]
[WhiteFideId "24556840"]
[BlackFideId "34548610"]
[EventDate "2020.05.26"]

1. e4 c5 2. Nf3 d6 3. d4 cxd4 4. Qxd4 a6 5. c4 Nc6 6. Qd1 g6 7. Nc3 Bg7 8. Be2
Nf6 9. Be3 Bg4 10. O-O O-O 11. h3 Bxf3 12. Bxf3 Nd7 13. Rc1 Rc8 14. Be2 Nc5 15.
f3 Ne6 16. Qd2 Bd4 17. Rfd1 Qb6 18. Bxd4 Qxd4+ 19. Qxd4 Nexd4 20. Kf2 Nxe2 21.
Kxe2 Rfd8 22. b3 Kf8 23. Ke3 e6 24. f4 Ke7 25. g4 g5 26. f5 Ne5 27. Ne2 b5 28.
cxb5 axb5 29. Nd4 b4 30. Nf3 Nxf3 31. Kxf3 Ra8 32. Rc7+ Rd7 33. Rdc1 Rxa2 34.
f6+ Ke8 35. Rc8+ Rd8 36. R1c7 Ra8 37. Re7+ Kf8 38. Rcc7 d5 39. Rxf7+ Kg8 40.
Rg7+ Kf8 41. e5 d4 42. Rxh7 1-0

[Event "Euro Online U2300 Day 2"]
[Site "chess.com INT"]
[Date "2020.05.26"]
[Round "3"]
[White "Dalkowski, Rafal"]
[Black "Atanasov, Radislav"]
[Result "1-0"]
[WhiteElo "1877"]
[BlackElo "2115"]
[WhiteFideId "21862460"]
[BlackFideId "2901471"]
[EventDate "2020.05.26"]

1. d4 Nf6 2. c4 c5 3. d5 e6 4. e4 Nxe4 5. Bd3 Nf6 6. Nc3 exd5 7. cxd5 d6 8. Nf3
Be7 9. O-O O-O 10. Bg5 h6 11. Bf4 Bg4 12. h3 Bxf3 13. Qxf3 a6 14. a4 Nbd7 15.
Rfe1 Re8 16. Bc2 c4 17. Ne4 Nxe4 18. Rxe4 Qc7 19. Qg3 Kh8 20. Rxe7 Rxe7 21. Bxd6
Qd8 22. Bxe7 Qxe7 23. Qc7 Rd8 24. Qxb7 Qg5 25. Qxa6 Ne5 26. Qb6 Rxd5 27. a5 Nf3+
28. Kh1 Nh4 29. Be4 Rb5 30. Qd6 f5 31. Bd5 Kh7 32. a6 c3 33. bxc3 f4 34. Be4+ g6
35. Qd7+ Kh8 36. a7 Ra5 37. a8=Q+ 1-0

[Event "Euro Online U2300 Day 2"]
[Site "chess.com INT"]
[Date "2020.05.26"]
[Round "3"]
[White "Salimova, Nurgyul"]
[Black "Ghukasyan, Siranush"]
[Result "0-1"]
[WhiteTitle "IM"]
[BlackTitle "WIM"]
[WhiteElo "2372"]
[BlackElo "2222"]
[WhiteFideId "2915138"]
[BlackFideId "13300946"]
[EventDate "2020.05.26"]

1. d4 d5 2. c4 c6 3. cxd5 cxd5 4. Nc3 Nf6 5. Bf4 Nc6 6. e3 Bf5 7. Qb3 Na5 8.
Qa4+ Bd7 9. Qc2 e6 10. Bd3 Be7 11. Nf3 O-O 12. O-O a6 13. Ne5 b5 14. Bg5 h6 15.
Bh4 Rc8 16. a3 Bc6 17. f4 Bb7 18. f5 exf5 19. Bxf5 Rc7 20. Rf3 Nc4 21. Bxf6 Bxf6
22. Nxc4 dxc4 23. Be4 Re8 24. Raf1 Bg5 25. Bxb7 Rxb7 26. Ne4 Qd5 27. Nxg5 Qxg5
28. e4 Rbe7 29. e5 Qg4 30. Qf2 Qe6 31. Rf6 gxf6 32. exf6 Qe3 33. fxe7 Rxe7 34.
Rd1 Qb3 35. Qg3+ Qxg3 36. hxg3 Re2 37. d5 Kf8 38. d6 Ke8 39. d7+ Kd8 40. Rd6 a5
41. Ra6 Rxb2 42. Rxa5 c3 43. Ra8+ Kxd7 44. Ra7+ Kd6 45. Ra6+ Kd5 0-1

[Event "Euro Online U2300 Day 2"]
[Site "chess.com INT"]
[Date "2020.05.26"]
[Round "3"]
[White "Berdnyk, Mariia"]
[Black "Can, Melih Kaan"]
[Result "1-0"]
[WhiteTitle "FM"]
[WhiteElo "2324"]
[BlackElo "2105"]
[WhiteFideId "14137054"]
[BlackFideId "6317383"]
[EventDate "2020.05.26"]

1. c4 Nf6 2. Nc3 c6 3. e3 d5 4. Nf3 Bg4 5. Be2 e6 6. b3 Nbd7 7. Bb2 Bd6 8. O-O
O-O 9. h3 Bh5 10. d4 Qe7 11. Ne5 Bxe2 12. Nxe2 a5 13. a4 Nb8 14. Nf4 Na6 15.
Nfd3 Nb4 16. Nxb4 Bxb4 17. c5 Nd7 18. Nd3 e5 19. Nxb4 axb4 20. dxe5 Nxc5 21. f4
Ne4 22. f5 Qg5 23. Rf4 Qg3 24. Qd3 Nc5 25. Qe2 Qg5 26. Raf1 g6 27. Rg4 Qe7 28.
e6 fxe6 29. fxg6 Rxf1+ 30. Qxf1 h5 31. Rf4 Rf8 32. g7 Rxf4 33. Qxf4 e5 34. Qxb4
Kxg7 35. Ba3 Qh4 36. Qxc5 Qe1+ 37. Kh2 Qa1 38. Qf8+ Kg6 39. Be7 e4 40. Qe8+ Kg7
41. Bc5 Qe1 42. Bd4+ Kh7 43. Qxh5+ Kg8 44. Qg6+ Kf8 45. Bc5# 1-0

[Event "Euro Online U2300 Day 2"]
[Site "chess.com INT"]
[Date "2020.05.26"]
[Round "3"]
[White "Skatchkov, Valery"]
[Black "Babiy, Olga"]
[Result "0-1"]
[WhiteTitle "FM"]
[BlackTitle "WGM"]
[WhiteElo "2242"]
[BlackElo "2228"]
[WhiteFideId "24195812"]
[BlackFideId "14117258"]
[EventDate "2020.05.26"]

1. d4 d5 2. c4 dxc4 3. e4 Nc6 4. Nf3 Nf6 5. e5 Nd5 6. Bxc4 Bg4 7. O-O e6 8. Be3
Be7 9. Nc3 Nb6 10. Be2 Qd7 11. Qd2 O-O-O 12. Rfd1 f6 13. exf6 gxf6 14. h3 Bh5
15. a4 Bb4 16. Qe1 Rhg8 17. Qf1 Qg7 18. a5 Nxa5 19. Ne4 Nc6 20. Ng3 Bxf3 21.
Bxf3 Nd5 22. Bd2 Bxd2 23. Rxd2 f5 24. Qc4 Qh6 25. Nxf5 Qxd2 26. Ne3 Qxd4 27. Qc2
Nxe3 28. fxe3 Qxe3+ 29. Kh1 Nd4 30. Bxb7+ Kxb7 31. Qc5 a6 32. Ra4 Qe1+ 33. Kh2
Qg3+ 0-1

[Event "Euro Online U2300 Day 2"]
[Site "chess.com INT"]
[Date "2020.05.26"]
[Round "3"]
[White "Jafarli, Babak"]
[Black "Terletsky, Oleg"]
[Result "1-0"]
[BlackTitle "IM"]
[WhiteElo "2020"]
[BlackElo "2307"]
[WhiteFideId "13406019"]
[BlackFideId "14116774"]
[EventDate "2020.05.26"]

1. e4 e5 2. Nf3 Nc6 3. d4 exd4 4. Bc4 Nf6 5. e5 d5 6. Bb5 Ne4 7. Nxd4 Bc5 8. O-O
Bd7 9. Bxc6 bxc6 10. f3 Ng5 11. f4 Ne4 12. Be3 O-O 13. Nd2 Nxd2 14. Qxd2 Qe7 15.
Nb3 Bb6 16. Rae1 a5 17. Qc3 Qb4 18. f5 Qxc3 19. bxc3 Rfe8 20. Bd4 a4 21. Nc5 Bc8
22. Rf4 Ra5 23. Nd3 c5 24. Bf2 Ba6 25. f6 Re6 26. Rg4 g6 27. Nf4 Bc4 28. Nxe6
fxe6 29. Rf4 Kf7 30. Rh4 h5 31. g4 Bxa2 32. gxh5 gxh5 33. Rxh5 d4 34. Rh7+ Kf8
35. Rg7 Rb5 36. h4 Rb1 37. h5 Rxe1+ 38. Bxe1 Bb1 39. Rg2 d3 40. h6 c4+ 41. Kh2
d2 42. Rxd2 Kg8 43. Rg2+ Kh7 44. f7 Bc5 45. Bf2 Be7 46. Rg8 Kxh6 47. Re8 Ba3 48.
f8=Q+ Bxf8 49. Rxf8 Bxc2 50. Bc5 Kg5 51. Kg3 Bf5 52. Rf7 c6 53. Ra7 Bc2 54. Bd6
Kf5 55. Kf3 Bd1+ 56. Ke3 Bb3 57. Kd4 Kf4 58. Ra6 Kf3 59. Rxc6 Ke2 60. Ra6 Kd2
61. Bb4 Kc2 62. Rxe6 1-0

[Event "Euro Online U2300 Day 2"]
[Site "chess.com INT"]
[Date "2020.05.26"]
[Round "3"]
[White "Karacsonyi, Gellert"]
[Black "Potapova, Margarita"]
[Result "1-0"]
[WhiteTitle "FM"]
[BlackTitle "WIM"]
[WhiteElo "2292"]
[BlackElo "2270"]
[WhiteFideId "764620"]
[BlackFideId "14126869"]
[EventDate "2020.05.26"]

1. e4 c5 2. Nf3 d6 3. d4 cxd4 4. Nxd4 Nf6 5. Nc3 a6 6. Bc4 e6 7. O-O Be7 8. Bb3
b5 9. Qf3 Qc7 10. Qg3 O-O 11. Bh6 Ne8 12. Rad1 Bd7 13. Nf3 Nc6 14. Bf4 Na5 15.
e5 Nb7 16. Rd2 b4 17. Ne4 d5 18. Nf6+ Bxf6 19. exf6 Qd8 20. fxg7 Nxg7 21. Bh6
Qf6 22. Bg5 Qf5 23. Nh4 Nh5 24. Nxf5 Nxg3 25. Nxg3 a5 26. c3 f5 27. cxb4 axb4
28. Be7 Rfc8 29. Bxb4 Nc5 30. Bxd5 exd5 31. Rxd5 Na6 32. Rxd7 Nxb4 33. Nxf5 Rc2
34. Re1 Rxb2 35. g3 Nc6 36. Rc7 Rb5 37. Nh6+ 1-0

[Event "Euro Online U2300 Day 2"]
[Site "chess.com INT"]
[Date "2020.05.26"]
[Round "3"]
[White "Ivic, Velimir"]
[Black "Baranow, Sergey"]
[Result "1-0"]
[WhiteTitle "GM"]
[WhiteElo "2548"]
[BlackElo "2192"]
[WhiteFideId "950122"]
[BlackFideId "24155055"]
[EventDate "2020.05.26"]

1. e4 c5 2. Nf3 a6 3. c4 Nc6 4. d4 cxd4 5. Nxd4 e5 6. Nc2 Nf6 7. Nc3 Be7 8. Be2
O-O 9. O-O d6 10. Be3 Be6 11. a4 Rc8 12. b3 Qd7 13. f3 Ne8 14. Nd5 Bd8 15. Qd2
f5 16. exf5 Bxf5 17. Bd3 Bxd3 18. Qxd3 Nf6 19. Rad1 Kh8 20. Nxf6 Rxf6 21. Qe4
Rg6 22. Rd2 Ba5 23. Rd3 Qc7 24. Rfd1 Rf8 25. c5 dxc5 26. Bxc5 Bb6 27. Qe3 Nd4
28. Bxb6 Qxc2 29. R3d2 Rxg2+ 30. Kxg2 Qg6+ 31. Kh1 Qxb6 32. Qxe5 Nc6 33. Qc3 Rg8
34. Rd7 Nb8 35. Rf7 Qe6 36. Rxb7 h6 37. Rd8 Kh7 38. Rbxb8 Qe2 39. Kg1 1-0

[Event "Euro Online U2300 Day 2"]
[Site "chess.com INT"]
[Date "2020.05.26"]
[Round "3"]
[White "Luczak, Filip"]
[Black "Baskin, Robert"]
[Result "1/2-1/2"]
[WhiteTitle "CM"]
[BlackTitle "IM"]
[WhiteElo "2240"]
[BlackElo "2390"]
[WhiteFideId "1193686"]
[BlackFideId "24662402"]
[EventDate "2020.05.26"]

1. d4 Nf6 2. Bg5 d5 3. Bxf6 gxf6 4. e3 c5 5. dxc5 Nc6 6. Nd2 e6 7. Nb3 Bxc5 8.
Nxc5 Qa5+ 9. c3 Qxc5 10. Nf3 e5 11. Qc2 Be6 12. O-O-O O-O-O 13. Be2 Kb8 14. Kb1
d4 15. cxd4 Bxa2+ 16. Kc1 Qb6 17. Qc5 Rc8 18. Qxb6 Nxd4+ 19. Kd2 Nxf3+ 20. Bxf3
axb6 21. Bg4 Rhd8+ 22. Ke2 Rc2+ 23. Kf3 Rxd1 24. Rxd1 Rxb2 25. Bf5 h5 26. h4 Rb4
27. g4 Be6 28. Bxe6 fxe6 29. Rg1 hxg4+ 30. Rxg4 Rb1 1/2-1/2

[Event "Euro Online U2300 Day 2"]
[Site "chess.com INT"]
[Date "2020.05.26"]
[Round "3"]
[White "Klimkowski, Jan"]
[Black "Aliakbarov, Anar"]
[Result "1-0"]
[BlackTitle "FM"]
[WhiteElo "2193"]
[BlackElo "2219"]
[WhiteFideId "21856222"]
[BlackFideId "13401858"]
[EventDate "2020.05.26"]

1. e4 e5 2. Nf3 Nc6 3. Bb5 a6 4. Ba4 Nf6 5. O-O Be7 6. Re1 b5 7. Bb3 d6 8. c3
O-O 9. h3 Na5 10. Bc2 c5 11. d4 Qc7 12. Nbd2 cxd4 13. cxd4 Bb7 14. Nf1 Rac8 15.
Bb1 d5 16. dxe5 Nxe4 17. N1d2 Rfd8 18. Nb3 Nc4 19. Nbd4 Nxe5 20. Nxe5 Qxe5 21.
Be3 Bf6 22. Bd3 Qb8 23. Qf3 Re8 24. Rad1 Be5 25. Nf5 Bxb2 26. Qg4 Kh8 27. f3 Nd6
28. Bf4 Qa7+ 29. Kh1 Nc4 30. Nxg7 Bxg7 31. Qf5 Kg8 32. Qxh7+ Kf8 33. Bh6 Qd4 34.
Qh8# 1-0

[Event "Euro Online U2300 Day 2"]
[Site "chess.com INT"]
[Date "2020.05.26"]
[Round "3"]
[White "Afonasieva, Anna"]
[Black "Kharatyan, Roman"]
[Result "0-1"]
[WhiteTitle "WIM"]
[WhiteElo "2274"]
[BlackElo "1984"]
[WhiteFideId "24173606"]
[BlackFideId "13305220"]
[EventDate "2020.05.26"]

1. d4 Nf6 2. Bf4 d6 3. e3 g6 4. Nf3 Bg7 5. h3 O-O 6. Be2 b6 7. O-O Bb7 8. c4 Re8
9. Nc3 Nbd7 10. Bh2 e5 11. Rc1 exd4 12. Nxd4 Nc5 13. b3 Nfe4 14. Nd5 Qd7 15. b4
Ne6 16. Qd3 a5 17. a3 axb4 18. axb4 Ra2 19. Bg4 f5 20. Nxf5 gxf5 21. Bxf5 Nf6
22. Qb3 Raa8 23. Nf4 Qf7 24. Nxe6 Rxe6 25. Bxe6 Qxe6 26. Ra1 Rxa1 27. Rxa1 b5
28. Ra7 bxc4 29. Qc2 Be4 30. Qc1 Nd5 31. Qxc4 Bxg2 32. Rxc7 Bxh3 33. Ra7 h5 34.
e4 Qg4+ 35. Bg3 Qf3 36. Qxd5+ Kh8 37. Qa8+ Bf8 38. e5 d5 39. Rh7+ Kxh7 40. Qb7+
Bg7 0-1

[Event "Euro Online U2300 Day 2"]
[Site "chess.com INT"]
[Date "2020.05.26"]
[Round "3"]
[White "Vardanyan, Aras"]
[Black "Chaqryan, Erik"]
[Result "1-0"]
[WhiteElo "2178"]
[BlackElo "2231"]
[WhiteFideId "12808792"]
[BlackFideId "13312340"]
[EventDate "2020.05.26"]

1. d4 Nf6 2. c4 g6 3. f3 d5 4. cxd5 Nxd5 5. e4 Nb6 6. Nc3 Bg7 7. Be3 O-O 8. Qd2
Nc6 9. O-O-O f5 10. e5 Nb4 11. Nh3 a5 12. Kb1 c6 13. Rc1 Kh8 14. Ka1 Be6 15. Nf4
Bf7 16. h4 h6 17. g4 e6 18. h5 g5 19. Ng6+ Bxg6 20. hxg6 f4 21. Bg1 Qe8 22. Bd3
Rd8 23. Bb1 c5 24. Rh3 Nc4 25. Qh2 Qe7 26. Ne4 Ne3 27. Rxh6+ Kg8 28. Rh7 Rxd4
29. Nxg5 Rd1 30. Nf7 Rxf7 31. gxf7+ Qxf7 32. Bxe3 Rxc1 33. Bxc1 Qc7 34. Bxf4 c4
35. Bh6 Bxe5 36. Rxc7 Bxh2 37. Rg7+ Kh8 38. Re7 Kg8 39. Bg6 c3 40. Re8# 1-0